000
00294nam a2200121Ia 4500
008
190216s9999||||xx |||||||||||||| ||und||
100
_a
Narayana Pisharoty K P
245
0
_a
Swapnavasavadattam
260
_b
The Geetha Press
_c
1969
300
_a
87p
650
_a
Malayalam Nadakam
942
_c
BK
999
_c
25709
_d
25709